[Event "CYCC U14"]
[Site "Kapuskasing CAN"]
[Date "2004.07.08"]
[Round "6"]
[White "Trandafir, Stefan"]
[Black "Hsiung, Timothy"]
[Result "1-0"]
[WhiteElo "1574"]
[BlackElo "1315"]
[PlyCount "89"]
[GameId "2160767911095951"]
[EventDate "2004.07.06"]
[EventType "swiss"]
[EventRounds "7"]
[EventCountry "CAN"]

1. d4 Nf6 2. Nf3 g6 3. e3 Bg7 4. Bd3 d6 5. c3 Bg4 6. Nbd2 O-O 7. O-O Nbd7 8. e4 c5 9. h3 Bxf3 10. Nxf3 cxd4 11. cxd4 Qc7 12. Re1 e5 13. d5 Nc5 14. Bg5 a5 15. Rc1 Qd7 16. Nxe5 Qe8 17. Nc4 Qe7 18. f4 b5 19. e5 dxe5 20. fxe5 Qa7 21. Ne3 Nxd5 22. Nxd5 Nxd3+ 23. Be3 Nxb2 24. Bxa7 Nxd1 25. Bc5 Nb2 26. Bxf8 Kxf8 27. Nb6 Ra6 28. Rc8+ Ke7 29. Nd5+ Kd7 30. Rc7+ Ke6 31. Nf4+ Kf5 32. Rxf7+ Bf6 33. Rxf6+ Rxf6 34. exf6 Kxf6 35. Nd5+ Kf5 36. g4+ Kg5 37. Re5+ Kh4 38. Kh2 Nd3 39. Re7 h6 40. Ne3 b4 41. Ra7 Nf4 42. Ng2+ Nxg2 43. Kxg2 g5 44. Ra6 h5 45. Rh6 1-0

[Event "CYCC U14"]
[Site "Kapuskasing CAN"]
[Date "2004.07.09"]
[Round "7"]
[White "Brown, Gabriel"]
[Black "Churchill, Sam"]
[Result "1-0"]
[WhiteElo "1689"]
[BlackElo "1597"]
[PlyCount "95"]
[GameId "2160767911095952"]
[EventDate "2004.07.06"]
[EventType "swiss"]
[EventRounds "7"]
[EventCountry "CAN"]

1. c4 c6 2. g3 e6 3. Bg2 f5 4. Nc3 Nf6 5. d4 d5 6. cxd5 cxd5 7. Bg5 Bd6 8. f4 O-O 9. Nf3 h6 10. Bh4 Qb6 11. Qc2 Ne4 12. O-O Nc6 13. e3 Be7 14. Bxe7 Nxe7 15. Ne5 Qd8 16. Rac1 b6 17. Rfe1 Nd6 18. Bf1 Bd7 19. Qb3 Qe8 20. Rc2 b5 21. Nxd7 Qxd7 22. Bxb5 Qb7 23. Ba4 Rab8 24. Qxb7 Rxb7 25. Bb3 Rfb8 26. Na4 a5 27. Rec1 Kf7 28. Rc7 Ne4 29. Rxb7 Rxb7 30. Nc5 Rb4 31. Nxe4 fxe4 32. Rb1 Nf5 33. Kf2 Nd6 34. Bc2 Nc4 35. b3 Na3 36. Rc1 a4 37. Bd1 axb3 38. Bxb3 Rb7 39. Rc6 Ra7 40. f5 exf5 41. Bxd5+ Kf8 42. Bb3 Nb5 43. Rc5 Nd6 44. Rd5 Ke7 45. Re5+ Kd8 46. Rc5 Ke7 47. Ke2 Kd7 48. Kd2 1-0

[Event "CYCC U14"]
[Site "Kapuskasing CAN"]
[Date "2004.07.09"]
[Round "7"]
[White "Pauric, Denis"]
[Black "Trandafir, Stefan"]
[Result "0-1"]
[WhiteElo "1602"]
[BlackElo "1574"]
[PlyCount "66"]
[GameId "2160767911095954"]
[EventDate "2004.07.06"]
[EventType "swiss"]
[EventRounds "7"]
[EventCountry "CAN"]

1. e4 c5 2. Nf3 Nc6 3. Nc3 d6 4. Bc4 e6 5. a3 g6 6. d3 Bg7 7. Bd2 Nge7 8. Qe2 O-O 9. O-O-O a6 10. h4 b5 11. Ba2 b4 12. axb4 Nxb4 13. Bb1 a5 14. h5 a4 15. hxg6 a3 16. b3 a2 17. Bxa2 Nxa2+ 18. Nxa2 Rxa2 19. Be1 Ra1+ 20. Kd2 Qa5+ 21. Ke3 Bd4+ 22. Nxd4 cxd4+ 23. Kf3 fxg6+ 24. Kg4 Qe5 25. g3 Rxd1 26. Qxd1 Rf5 27. f4 Qb5 28. exf5 Qxf5+ 29. Kf3 Qd5+ 30. Kf2 Qxh1 31. Qg4 Qh2+ 32. Kf1 e5 33. Qg5 Bh3# 0-1

[Event "CYCC U14"]
[Site "Kapuskasing CAN"]
[Date "2004.07.09"]
[Round "7"]
[White "Rozybakiyev, Rasul"]
[Black "McDonald, Justin"]
[Result "0-1"]
[WhiteElo "1388"]
[BlackElo "1858"]
[PlyCount "44"]
[GameId "2160767911095955"]
[EventDate "2004.07.06"]
[EventType "swiss"]
[EventRounds "7"]
[EventCountry "CAN"]

1. e4 e5 2. Nf3 Nc6 3. Bc4 Bc5 4. c3 Nf6 5. d4 exd4 6. cxd4 Bb4+ 7. Bd2 Nxe4 8. Bxb4 Nxb4 9. Bxf7+ Kxf7 10. Ne5+ Kf8 11. Qb3 Qe7 12. O-O d6 13. Re1 dxe5 14. Rxe4 Be6 15. Qf3+ Qf6 16. Qa3 a5 17. dxe5 Qg5 18. f4 Qe7 19. Qa4 Qc5+ 20. Kf1 Qc1+ 21. Kf2 Qc2+ 22. Qxc2 Nxc2 0-1

[Event "CYCC U14"]
[Site "Kapuskasing CAN"]
[Date "2004.07.09"]
[Round "7"]
[White "Thrones, Tyler"]
[Black "Quan Zhe"]
[Result "0-1"]
[WhiteElo "1102"]
[BlackElo "2447"]
[PlyCount "64"]
[GameId "2160767911095956"]
[EventDate "2004.07.06"]
[EventType "swiss"]
[EventRounds "7"]
[EventCountry "CAN"]

1. e4 c5 2. Nf3 d6 3. Bc4 e6 4. d3 Nf6 5. Be3 Nc6 6. Nbd2 Be7 7. c3 O-O 8. O-O Rb8 9. Qc2 b5 10. Bb3 Bb7 11. c4 bxc4 12. Bxc4 Nb4 13. Qb3 Ba8 14. a3 Nbd5 15. Qa2 Nxe3 16. fxe3 Ng4 17. Rfe1 Bf6 18. Rab1 d5 19. Bb3 c4 20. Bc2 cxd3 21. Bxd3 d4 22. Nc4 Nxe3 23. Nxe3 dxe3 24. Rxe3 Qb6 25. Kf2 Rfd8 26. Ke2 Be7 27. g3 Bc5 28. Nd4 Bxd4 29. Rf3 Bxb2 30. Rf2 Rxd3 31. Rxf7 Qe3+ 32. Kf1 Kxf7 0-1

[Event "CYCC U14 w"]
[Site "Kapuskasing CAN"]
[Date "2004.07.06"]
[Round "1"]
[White "Chen, Yushuang"]
[Black "Nadeau, Gabrielle"]
[Result "0-1"]
[WhiteElo "1163"]
[BlackElo "1385"]
[PlyCount "122"]
[GameId "2160767911095957"]
[EventDate "2004.07.06"]
[EventType "tourn"]
[EventRounds "5"]
[EventCountry "CAN"]

1. d4 d5 2. Nf3 Nf6 3. e3 g6 4. Bd3 Bg7 5. O-O O-O 6. b3 Nc6 7. h3 a6 8. a3 Re8 9. Bb2 Nh5 10. g4 Nf6 11. Nbd2 Na7 12. Nh2 Bd7 13. f4 Bb5 14. Bxb5 Nxb5 15. Rb1 Nd6 16. Qf3 Rc8 17. Rbc1 Nfe4 18. Nxe4 Nxe4 19. Qg2 Rf8 20. c4 c6 21. h4 e6 22. g5 f6 23. Bc3 fxg5 24. hxg5 Qb6 25. b4 Nxc3 26. Rxc3 Bxd4 27. c5 Bxe3+ 28. Rxe3 Qc7 29. Qg4 Rce8 30. Qh4 d4 31. Rh3 Rd8 32. Ng4 Rf7 33. Nf6+ Kh8 34. Kg2 d3 35. Rfh1 Rdd7 36. Nxd7 Qxd7 37. Rd1 d2 38. Qf2 e5 39. Rxd2 Qc8 40. Rh4 Rf8 41. Qe3 exf4 42. Rxf4 Re8 43. Qd4+ Kg8 44. Rdf2 Qe6 45. Rf7 Qxf7 46. Rxf7 Kxf7 47. Qd7+ Re7 48. Qd3 Ke8 49. a4 Kf8 50. b5 axb5 51. axb5 cxb5 52. Qxb5 Kf7 53. Qf1+ Ke8 54. Qc4 Kf8 55. c6 bxc6 56. Qxc6 Kf7 57. Qf6+ Ke8 58. Kf3 Rf7 59. Kg4 Rxf6 60. gxf6 h6 61. Kf4 Kf7 0-1

[Event "CYCC U14 w"]
[Site "Kapuskasing CAN"]
[Date "2004.07.06"]
[Round "1"]
[White "Mandamin, Amelia"]
[Black "Tang, Tiffany"]
[Result "0-1"]
[WhiteElo "957"]
[BlackElo "1547"]
[PlyCount "88"]
[GameId "2160767911095958"]
[EventDate "2004.07.06"]
[EventType "tourn"]
[EventRounds "5"]
[EventCountry "CAN"]
[SourceTitle "EXT 2006"]
[Source "ChessBase"]
[SourceDate "2005.11.24"]
[SourceVersion "1"]
[SourceVersionDate "2005.11.24"]
[SourceQuality "1"]

1. c3 g6 2. e3 Bg7 3. d4 Nf6 4. Nh3 d6 5. Na3 O-O 6. f4 Nbd7 7. Nc4 b5 8. Na5 a6 9. Nc6 Qe8 10. g3 Nb6 11. Nb4 Bb7 12. Rg1 e5 13. dxe5 dxe5 14. Bg2 Bxg2 15. Rxg2 exf4 16. Nxf4 c5 17. Nbd3 Rd8 18. b3 c4 19. bxc4 bxc4 20. Ba3 Qxe3+ 21. Re2 Qg1+ 22. Kd2 Qxd1+ 23. Rxd1 cxd3 24. Nxd3 Nc4+ 25. Ke1 Nxa3 26. Nc5 Rxd1+ 27. Kxd1 Rd8+ 28. Ke1 Re8 29. Nxa6 Rxe2+ 30. Kxe2 Nd5 31. Nb4 Nxb4 32. cxb4 Bc3 33. Kd3 Bxb4 34. h4 Be1 35. g4 Bxh4 36. Kc3 h5 37. gxh5 gxh5 38. Kb3 Be7 39. Kb2 h4 40. Kb3 h3 41. Ka4 h2 42. Ka5 Bc5 43. Ka6 h1=Q 44. Ka5 Qa8# 0-1

[Event "CYCC U14 w"]
[Site "Kapuskasing CAN"]
[Date "2004.07.06"]
[Round "1"]
[White "Wentworth, Rosa-Lee"]
[Black "Plamondon, Andreanne"]
[Result "0-1"]
[WhiteElo "899"]
[BlackElo "1287"]
[PlyCount "66"]
[GameId "2160767911095959"]
[EventDate "2004.07.06"]
[EventType "tourn"]
[EventRounds "5"]
[EventCountry "CAN"]
[SourceTitle "EXT 2006"]
[Source "ChessBase"]
[SourceDate "2005.11.24"]
[SourceVersion "1"]
[SourceVersionDate "2005.11.24"]
[SourceQuality "1"]

1. e3 e5 2. Bd3 d5 3. Nf3 e4 4. Qe2 exd3 5. Qxd3 Be7 6. Nc3 Nf6 7. b3 O-O 8. Bb2 h6 9. h3 Nc6 10. Rh2 Nb4 11. Qe2 Nxc2+ 12. Kd1 Nxa1 13. Bxa1 Bd6 14. Bb2 Bxh2 15. Nxh2 Re8 16. Qd3 g6 17. Ke2 d4 18. Nf3 dxc3 19. Bxc3 Qxd3+ 20. Kxd3 Bf5+ 21. Ke2 Kg7 22. d3 Rad8 23. Ne1 g5 24. Ba5 b6 25. Bc3 Kg6 26. Nc2 Bxd3+ 27. Kd2 Bf1+ 28. Ke1 Bxg2 29. Nd4 Ne4 30. Bb2 c5 31. Nc6 Rd2 32. Bd4 Bf3 33. Nxa7 Rd1# 0-1

[Event "CYCC U14 w"]
[Site "Kapuskasing CAN"]
[Date "2004.07.06"]
[Round "2"]
[White "Mandamin, Amelia"]
[Black "Chen, Yushuang"]
[Result "0-1"]
[WhiteElo "957"]
[BlackElo "1163"]
[PlyCount "60"]
[GameId "2160767911095960"]
[EventDate "2004.07.06"]
[EventType "tourn"]
[EventRounds "5"]
[EventCountry "CAN"]

1. e3 e5 2. c3 d5 3. g3 b6 4. d4 exd4 5. Qxd4 Nf6 6. Qa4+ Nbd7 7. Bg2 Bb7 8. Ne2 Be7 9. Nf4 O-O 10. b4 a5 11. bxa5 Rxa5 12. Qd1 Ne5 13. Nh5 Nxh5 14. Qxh5 Nd3+ 15. Kd1 d4 16. Qe2 Bxg2 17. Rg1 dxc3 18. Rxg2 Nf4+ 19. Ke1 Nxe2 20. Kxe2 c2 21. Nc3 Bb4 22. Bd2 Bxc3 23. Bxc3 Rxa2 24. Rc1 Qd5 25. Rgg1 Qc4+ 26. Kd2 Rd8+ 27. Bd4 c5 28. Ke1 cxd4 29. exd4 Re8+ 30. Kd2 Qxd4# 0-1

[Event "CYCC U14 w"]
[Site "Kapuskasing CAN"]
[Date "2004.07.06"]
[Round "2"]
[White "Nadeau, Gabrielle"]
[Black "Wentworth, Rosa-Lee"]
[Result "1-0"]
[WhiteElo "1385"]
[BlackElo "899"]
[PlyCount "57"]
[GameId "2160767911095961"]
[EventDate "2004.07.06"]
[EventType "tourn"]
[EventRounds "5"]
[EventCountry "CAN"]
[SourceTitle "EXT 2006"]
[Source "ChessBase"]
[SourceDate "2005.11.24"]
[SourceVersion "1"]
[SourceVersionDate "2005.11.24"]
[SourceQuality "1"]

1. e4 e6 2. f4 Bd6 3. d4 Nf6 4. e5 Qe7 5. Nf3 Nc6 6. exd6 cxd6 7. Nc3 b6 8. Bc4 Bb7 9. Nb5 a6 10. Nc7+ Kd8 11. Nxa8 Bxa8 12. O-O Bb7 13. Re1 h5 14. f5 Kc7 15. Bg5 g6 16. fxe6 dxe6 17. d5 Na5 18. Bb3 Qd7 19. Bxf6 Re8 20. dxe6 fxe6 21. Ng5 Nc6 22. Bxe6 Qf7 23. Bxf7 Rxe1+ 24. Qxe1 Nb4 25. Qe7+ Kc6 26. Be8+ Kc5 27. Qe3+ Kd5 28. Rd1+ Kc4 29. b3# 1-0

[Event "CYCC U14 w"]
[Site "Kapuskasing CAN"]
[Date "2004.07.06"]
[Round "2"]
[White "Tang, Tiffany"]
[Black "Plamondon, Andreanne"]
[Result "1-0"]
[WhiteElo "1547"]
[BlackElo "1287"]
[PlyCount "61"]
[GameId "2160767911095962"]
[EventDate "2004.07.06"]
[EventType "tourn"]
[EventRounds "5"]
[EventCountry "CAN"]
[SourceTitle "EXT 2006"]
[Source "ChessBase"]
[SourceDate "2005.11.24"]
[SourceVersion "1"]
[SourceVersionDate "2005.11.24"]
[SourceQuality "1"]

1. e4 e5 2. Nf3 Nc6 3. Bb5 Nge7 4. c3 d6 5. O-O Be6 6. d4 d5 7. exd5 Bxd5 8. Nxe5 a6 9. Nxc6 Nxc6 10. Re1+ Be7 11. Bd3 Qd7 12. c4 Be6 13. d5 Bxd5 14. cxd5 Qxd5 15. Nc3 Qd7 16. Bg5 O-O-O 17. Bxe7 Nxe7 18. Bc4 Qc6 19. Qb3 Qf6 20. Bxf7 Rhf8 21. Be6+ Kb8 22. Ne4 Qd4 23. Rad1 Qe5 24. Nd6 Qxe1+ 25. Rxe1 Rxd6 26. Rd1 Rb6 27. Qe3 Rxb2 28. Qa3 Rfxf2 29. Rd8+ Ka7 30. Qc5+ b6 31. Qxc7# 1-0

[Event "CYCC U14 w"]
[Site "Kapuskasing CAN"]
[Date "2004.07.07"]
[Round "3"]
[White "Chen, Yushuang"]
[Black "Tang, Tiffany"]
[Result "0-1"]
[WhiteElo "1163"]
[BlackElo "1547"]
[PlyCount "88"]
[GameId "2160767911095963"]
[EventDate "2004.07.06"]
[EventType "tourn"]
[EventRounds "5"]
[EventCountry "CAN"]

1. d4 Nf6 2. Nf3 g6 3. e3 Bg7 4. Bd3 O-O 5. O-O d6 6. h3 Nc6 7. c4 e5 8. d5 Ne7 9. e4 h6 10. Nc3 Nd7 11. Nh2 f5 12. f4 Kh7 13. Be3 fxe4 14. Bxe4 Nf5 15. Bxf5 gxf5 16. Rc1 Nf6 17. g4 fxg4 18. hxg4 exf4 19. Bxf4 Qe8 20. Qd3+ Qg6 21. Qxg6+ Kxg6 22. Rc2 Nxg4 23. Nxg4 Bxg4 24. Rg2 h5 25. Rg3 Bd4+ 26. Kg2 Rae8 27. a3 Kh7 28. Bd2 Rxf1 29. Kxf1 Rf8+ 30. Kg2 Rf2+ 31. Kh1 Rxd2 32. b4 Bf2 33. Ne4 Rd1+ 34. Kg2 Bxg3 35. Kxg3 Rd4 36. Nf6+ Kg6 37. Nxg4 hxg4 38. c5 Kg5 39. c6 bxc6 40. dxc6 Rd3+ 41. Kg2 Kf4 42. a4 Rd2+ 43. Kf1 Kg3 44. Kg1 Rd1# 0-1

[Event "CYCC U14 w"]
[Site "Kapuskasing CAN"]
[Date "2004.07.07"]
[Round "3"]
[White "Plamondon, Andreanne"]
[Black "Nadeau, Gabrielle"]
[Result "1-0"]
[WhiteElo "1287"]
[BlackElo "1385"]
[PlyCount "93"]
[GameId "2160767911095964"]
[EventDate "2004.07.06"]
[EventType "tourn"]
[EventRounds "5"]
[EventCountry "CAN"]
[SourceTitle "EXT 2006"]
[Source "ChessBase"]
[SourceDate "2005.11.24"]
[SourceVersion "1"]
[SourceVersionDate "2005.11.24"]
[SourceQuality "1"]

1. e4 c5 2. Nf3 Nc6 3. c3 d6 4. Bb5 Bd7 5. O-O Nf6 6. Qc2 g6 7. d3 Bg7 8. Be3 O-O 9. Nbd2 a6 10. Bxc6 Bxc6 11. Nc4 Qc7 12. Qc1 Bb5 13. b3 Bxc4 14. bxc4 Nh5 15. Bh6 Qa5 16. Bxg7 Kxg7 17. Re1 Rab8 18. e5 Rfe8 19. Nh4 dxe5 20. Rxe5 Qc7 21. Qe3 b6 22. Rg5 Qf4 23. Qxf4 Nxf4 24. d4 cxd4 25. Nf5+ Kf6 26. Rg3 Kxf5 27. Rf3 Kg5 28. Re1 Nh5 29. cxd4 Nf6 30. h4+ Kxh4 31. Re5 g5 32. Rh3+ Kg4 33. f3+ Kf4 34. Kf2 Ne4+ 35. fxe4 Rbd8 36. Rf3+ Kg4 37. Rff5 f6 38. Rd5 Rc8 39. Rf3 Kh5 40. c5 bxc5 41. e5 fxe5 42. Rxe5 c4 43. Re6 Rf8 44. Rxa6 Rxf3+ 45. Kxf3 c3 46. g4+ Kh4 47. Rh6# 1-0

[Event "CYCC U14 w"]
[Site "Kapuskasing CAN"]
[Date "2004.07.07"]
[Round "3"]
[White "Wentworth, Rosa-Lee"]
[Black "Mandamin, Amelia"]
[Result "0-1"]
[WhiteElo "899"]
[BlackElo "957"]
[PlyCount "80"]
[GameId "2160767911095965"]
[EventDate "2004.07.06"]
[EventType "tourn"]
[EventRounds "5"]
[EventCountry "CAN"]
[SourceTitle "EXT 2006"]
[Source "ChessBase"]
[SourceDate "2005.11.24"]
[SourceVersion "1"]
[SourceVersionDate "2005.11.24"]
[SourceQuality "1"]

1. e3 d5 2. Bd3 c6 3. Nf3 e6 4. Qe2 Na6 5. Nc3 Nb4 6. b3 b5 7. Ba3 a5 8. Bb2 Nf6 9. a3 Na6 10. Ra2 b4 11. Na4 Nc5 12. Nd4 Bd7 13. h3 Nxd3+ 14. Qxd3 c5 15. Nf3 Bxa4 16. bxa4 c4 17. Qe2 Ne4 18. Nd4 Nc5 19. axb4 axb4 20. Nb5 Rxa4 21. Ra1 b3 22. Qd1 Qb6 23. Nc3 bxc2 24. Qxc2 Nd3+ 25. Ke2 Rb4 26. Ra2 Nxb2 27. Ra8+ Ke7 28. Ra2 d4 29. Nd1 d3+ 30. Kf3 dxc2 31. Nc3 Nd1 32. Ne2 Rb2 33. Ra4 Qb3 34. Ra7+ Kf6 35. Nd4 Qd3 36. h4 Rb1 37. Rh3 Nxf2 38. Kxf2 Qf1+ 39. Kg3 Bd6+ 40. Kg4 h5# 0-1

[Event "CYCC U14 w"]
[Site "Kapuskasing CAN"]
[Date "2004.07.07"]
[Round "4"]
[White "Chen, Yushuang"]
[Black "Wentworth, Rosa-Lee"]
[Result "1-0"]
[WhiteElo "1163"]
[BlackElo "899"]
[PlyCount "71"]
[GameId "2160767911095966"]
[EventDate "2004.07.06"]
[EventType "tourn"]
[EventRounds "5"]
[EventCountry "CAN"]

1. e4 e6 2. Nf3 Bd6 3. d4 Nf6 4. Nc3 Nc6 5. e5 Qe7 6. exd6 cxd6 7. Be3 b6 8. Nb5 Kd8 9. c4 Bb7 10. a3 a6 11. Nc3 b5 12. cxb5 axb5 13. Bxb5 Ra5 14. Qb3 Ba6 15. Bxc6 Kc7 16. Bb5 Rb8 17. Qc4+ Kd8 18. Bxa6 Ke8 19. Qc7 Rxb2 20. Qxa5 Rb8 21. O-O Rd8 22. Rfe1 Kf8 23. Rab1 g6 24. d5 Kg7 25. dxe6 fxe6 26. Bg5 Kf7 27. Nd5 Re8 28. Nxe7 Kxe7 29. Bxf6+ Kxf6 30. Qc7 Ke7 31. Bc8 Rd8 32. Ng5 h6 33. Rxe6+ Kf8 34. Qxd8+ Kg7 35. Qxd7+ Kf8 36. Re8# 1-0

[Event "CYCC U14 w"]
[Site "Kapuskasing CAN"]
[Date "2004.07.07"]
[Round "4"]
[White "Mandamin, Amelia"]
[Black "Plamondon, Andreanne"]
[Result "0-1"]
[WhiteElo "957"]
[BlackElo "1287"]
[PlyCount "62"]
[GameId "2160767911095967"]
[EventDate "2004.07.06"]
[EventType "tourn"]
[EventRounds "5"]
[EventCountry "CAN"]
[SourceTitle "EXT 2006"]
[Source "ChessBase"]
[SourceDate "2005.11.24"]
[SourceVersion "1"]
[SourceVersionDate "2005.11.24"]
[SourceQuality "1"]

1. e3 e5 2. c3 d5 3. g3 Nf6 4. b4 Bd6 5. Na3 O-O 6. d4 e4 7. f4 exf3 8. Nxf3 Bg4 9. h3 Bxg3+ 10. Kd2 Ne4+ 11. Kd3 Nf2+ 12. Kd2 Nxd1 13. Kxd1 Bxf3+ 14. Be2 Bxh1 15. c4 dxc4 16. Bxc4 Qf6 17. Kc2 Nc6 18. Kb3 Rfe8 19. Nb5 Rad8 20. Nxc7 Bxc7 21. Bd2 Bd5 22. Bxd5 Rxd5 23. Kc4 Qd6 24. Kb3 Qg3 25. Kc4 Rf5 26. d5 Re4+ 27. Kd3 Rd4+ 28. Kc2 Rc4+ 29. Kd3 b5 30. dxc6 Qf3 31. a4 Rd5# 0-1

[Event "CYCC U14 w"]
[Site "Kapuskasing CAN"]
[Date "2004.07.07"]
[Round "4"]
[White "Tang, Tiffany"]
[Black "Nadeau, Gabrielle"]
[Result "1/2-1/2"]
[WhiteElo "1547"]
[BlackElo "1385"]
[PlyCount "47"]
[GameId "2160767911095968"]
[EventDate "2004.07.06"]
[EventType "tourn"]
[EventRounds "5"]
[EventCountry "CAN"]
[SourceTitle "EXT 2006"]
[Source "ChessBase"]
[SourceDate "2005.11.24"]
[SourceVersion "1"]
[SourceVersionDate "2005.11.24"]
[SourceQuality "1"]

1. e4 c5 2. Nc3 Nc6 3. g3 d6 4. Bg2 Nf6 5. d3 g6 6. Be3 Bg7 7. h3 Bd7 8. Qd2 Qb6 9. Nd1 h6 10. Ne2 Be6 11. d4 cxd4 12. Nxd4 Nxd4 13. Bxd4 Qa6 14. b3 O-O 15. c4 Rad8 16. O-O b6 17. Ne3 Qc8 18. Kh2 Bd7 19. Qb2 Nh5 20. Nd5 Rfe8 21. Bxg7 Nxg7 22. e5 dxe5 23. Qxe5 Be6 24. Rad1 1/2-1/2

[Event "CYCC U14 w"]
[Site "Kapuskasing CAN"]
[Date "2004.07.08"]
[Round "5"]
[White "Nadeau, Gabrielle"]
[Black "Mandamin, Amelia"]
[Result "1-0"]
[WhiteElo "1385"]
[BlackElo "957"]
[PlyCount "73"]
[GameId "2160767911095969"]
[EventDate "2004.07.06"]
[EventType "tourn"]
[EventRounds "5"]
[EventCountry "CAN"]
[SourceTitle "EXT 2006"]
[Source "ChessBase"]
[SourceDate "2005.11.24"]
[SourceVersion "1"]
[SourceVersionDate "2005.11.24"]
[SourceQuality "1"]

1. e4 e6 2. f4 g6 3. Nf3 c6 4. Bc4 b5 5. Be2 Na6 6. O-O Bc5+ 7. d4 Bb6 8. Kh1 Nf6 9. e5 Nd5 10. Nc3 Nac7 11. Nxd5 Nxd5 12. c4 Ne7 13. cxb5 Nf5 14. Qa4 Bb7 15. Bd3 a6 16. Bxf5 axb5 17. Qb3 gxf5 18. Be3 h6 19. a4 Ra7 20. axb5 cxb5 21. Rxa7 Bxa7 22. Qxb5 Bxf3 23. Rxf3 Rg8 24. Qb7 Bb8 25. Rf1 d6 26. Rc1 dxe5 27. Rc8 Qxc8 28. Qxc8+ Ke7 29. Qxg8 exf4 30. Bd2 Ba7 31. Bb4+ Kf6 32. Qh8+ Kg6 33. Bf8 Kg5 34. Qxh6+ Kg4 35. Bd6 Bxd4 36. h3+ Kg3 37. Qxf4# 1-0

[Event "CYCC U14 w"]
[Site "Kapuskasing CAN"]
[Date "2004.07.08"]
[Round "5"]
[White "Plamondon, Andreanne"]
[Black "Chen, Yushuang"]
[Result "1/2-1/2"]
[WhiteElo "1287"]
[BlackElo "1163"]
[PlyCount "48"]
[GameId "2160767911095970"]
[EventDate "2004.07.06"]
[EventType "tourn"]
[EventRounds "5"]
[EventCountry "CAN"]

1. e4 e5 2. Nf3 Nc6 3. Bb5 d6 4. c3 a6 5. Bxc6+ bxc6 6. O-O Nf6 7. d3 Bg4 8. Nbd2 Be7 9. Qc2 Bxf3 10. Nxf3 Nd7 11. Qa4 c5 12. Be3 O-O 13. Qc2 f5 14. exf5 Rxf5 15. d4 Qf8 16. Qe2 e4 17. Nd2 d5 18. c4 c6 19. cxd5 cxd5 20. f3 exf3 21. Rxf3 Rxf3 22. Qxf3 Qxf3 23. Nxf3 c4 24. Rd1 h6 1/2-1/2

[Event "CYCC U16"]
[Site "Kapuskasing CAN"]
[Date "2004.07.06"]
[Round "1"]
[White "Carayanniotis, Jason"]
[Black "Peng Yu, David"]
[Result "0-1"]
[WhiteElo "1578"]
[BlackElo "2115"]
[PlyCount "68"]
[GameId "2160767911095971"]
[EventDate "2004.07.06"]
[EventType "swiss"]
[EventRounds "7"]
[EventCountry "CAN"]
[SourceTitle "EXT 2006"]
[Source "ChessBase"]
[SourceDate "2005.11.24"]
[SourceVersion "1"]
[SourceVersionDate "2005.11.24"]
[SourceQuality "1"]

1. d4 d5 2. c4 e6 3. Nc3 Nf6 4. e3 b6 5. Nf3 Bb7 6. Be2 Nbd7 7. O-O Bd6 8. Qc2 dxc4 9. Nd2 h5 10. Nxc4 Bxh2+ 11. Kxh2 Ng4+ 12. Kh3 Bxg2+ 13. Kxg2 Qh4 14. Bd3 Qh2+ 15. Kf3 Qh3+ 16. Ke2 Nh2 17. Rg1 h4 18. Be4 Rc8 19. Ke1 Ke7 20. Qe2 c5 21. d5 Nf6 22. Bh1 exd5 23. Nxd5+ Nxd5 24. Bxd5 Rcd8 25. Bh1 g5 26. Ne5 Rd6 27. Ng4 Rhd8 28. f3 Rd1+ 29. Kf2 Nxg4+ 30. Rxg4 Qxh1 31. e4 Rxc1 32. Rxc1 Qxc1 33. Rg1 Qf4 34. Qe3 Rd2+ 0-1

[Event "CYCC U16"]
[Site "Kapuskasing CAN"]
[Date "2004.07.06"]
[Round "1"]
[White "Johnston, Marty"]
[Black "Tayar, Jonathan"]
[Result "0-1"]
[WhiteElo "1441"]
[BlackElo "1959"]
[PlyCount "68"]
[GameId "2160767911095972"]
[EventDate "2004.07.06"]
[EventType "swiss"]
[EventRounds "7"]
[EventCountry "CAN"]
[SourceTitle "EXT 2006"]
[Source "ChessBase"]
[SourceDate "2005.11.24"]
[SourceVersion "1"]
[SourceVersionDate "2005.11.24"]
[SourceQuality "1"]

1. e4 c5 2. Nc3 Nc6 3. g3 g6 4. Bg2 Bg7 5. d3 Nf6 6. Nge2 d6 7. O-O Bd7 8. f4 Rb8 9. a4 Qc8 10. d4 cxd4 11. Nxd4 O-O 12. Be3 Ng4 13. Nxc6 bxc6 14. Bxa7 Rxb2 15. Bd4 Rxc2 16. h3 c5 17. hxg4 Bxd4+ 18. Kh1 Rxc3 19. Ra2 Rxg3 20. f5 Bc6 21. a5 Qa6 22. Rd2 Qxa5 23. Rd3 Rxd3 24. Qxd3 Bb5 25. Qf3 Bxf1 26. Bxf1 Qe1 27. Kg2 Rb8 28. fxg6 hxg6 29. Bc4 Qd2+ 30. Be2 Rb2 31. Kf1 Rb1+ 32. Kg2 Rg1+ 33. Kh2 Qh6+ 34. Qh3 Rh1+ 0-1

[Event "CYCC U16"]
[Site "Kapuskasing CAN"]
[Date "2004.07.06"]
[Round "1"]
[White "Mollison, William"]
[Black "Rodriguez, Aaron"]
[Result "0-1"]
[WhiteElo "1247"]
[BlackElo "1733"]
[PlyCount "46"]
[GameId "2160767911095973"]
[EventDate "2004.07.06"]
[EventType "swiss"]
[EventRounds "7"]
[EventCountry "CAN"]
[SourceTitle "EXT 2006"]
[Source "ChessBase"]
[SourceDate "2005.11.24"]
[SourceVersion "1"]
[SourceVersionDate "2005.11.24"]
[SourceQuality "1"]

1. e4 g6 2. d4 Bg7 3. Nf3 d6 4. Bc4 Nf6 5. Nc3 O-O 6. Be3 Nbd7 7. Qd2 Ng4 8. O-O-O Nxe3 9. Qxe3 e5 10. Kb1 a6 11. dxe5 Nxe5 12. Nxe5 Bxe5 13. f4 Bg7 14. e5 Qe7 15. Rhe1 Re8 16. Re2 Bg4 17. Nd5 Qd8 18. Rde1 Bxe2 19. Rxe2 dxe5 20. Qc5 c6 21. Rd2 exf4 22. b3 Re1+ 23. Rd1 Rxd1# 0-1

[Event "CYCC U16"]
[Site "Kapuskasing CAN"]
[Date "2004.07.06"]
[Round "1"]
[White "Pauric, Allen"]
[Black "Brauer, Mark"]
[Result "1-0"]
[WhiteElo "1972"]
[BlackElo "1429"]
[PlyCount "53"]
[GameId "2160767911095974"]
[EventDate "2004.07.06"]
[EventType "swiss"]
[EventRounds "7"]
[EventCountry "CAN"]
[SourceTitle "EXT 2006"]
[Source "ChessBase"]
[SourceDate "2005.11.24"]
[SourceVersion "1"]
[SourceVersionDate "2005.11.24"]
[SourceQuality "1"]

1. d4 Nf6 2. Nf3 c5 3. c3 cxd4 4. cxd4 g6 5. Bf4 Bg7 6. h3 O-O 7. Nc3 d6 8. e3 Bf5 9. Bd3 Bxd3 10. Qxd3 Nbd7 11. O-O Nb6 12. Rac1 Qd7 13. Rfd1 Nfd5 14. Bg3 Rac8 15. a3 f5 16. Bh2 Nf6 17. Rc2 a6 18. Rdc1 Nbd5 19. Nd2 b5 20. b4 Qb7 21. Nxd5 Nxd5 22. Qb3 Rxc2 23. Qxc2 Nb6 24. Qc7 Rb8 25. Rc6 e5 26. Qxd6 exd4 27. Qxb8+ 1-0

[Event "CYCC U16"]
[Site "Kapuskasing CAN"]
[Date "2004.07.06"]
[Round "1"]
[White "Ramaswamy, Kishor"]
[Black "Sadeghi Aval, Pouya"]
[Result "1-0"]
[WhiteElo "2024"]
[BlackElo "1527"]
[PlyCount "57"]
[GameId "2160767911095975"]
[EventDate "2004.07.06"]
[EventType "swiss"]
[EventRounds "7"]
[EventCountry "CAN"]
[SourceTitle "EXT 2006"]
[Source "ChessBase"]
[SourceDate "2005.11.24"]
[SourceVersion "1"]
[SourceVersionDate "2005.11.24"]
[SourceQuality "1"]

1. d4 Nf6 2. Nf3 d5 3. Bg5 e6 4. Nbd2 Be7 5. e3 Nbd7 6. Bd3 c5 7. c3 Nh5 8. Bxe7 Qxe7 9. Ne5 Nhf6 10. f4 Ng8 11. O-O Nxe5 12. fxe5 f5 13. c4 Nh6 14. cxd5 exd5 15. Qh5+ Nf7 16. Qf3 Bd7 17. Bxf5 Rf8 18. Bxd7+ Qxd7 19. Qf5 Qxf5 20. Rxf5 c4 21. Raf1 Ke7 22. e4 g6 23. Rf6 dxe4 24. Nxe4 Nh6 25. d5 Rxf6 26. Rxf6 Ng4 27. d6+ Kd7 28. e6+ Ke8 29. Rf7 1-0